000 00366 a2200169 4500
001 192249
020 _a85-349-1786-8
040 _cMagnum
100 _aJose, Elias
240 1 0 _aO amigão de todo mundo
_lpor
245 1 0 _aO amigão de todo mundo
300 _a
362 0 _a2005
440 1 _aPaulus
697 _aLITERATURA INFANTO-JUVENIL
942 _cBK
999 _c192249
_d192249